000 00764cam a2200205 4500
001 WB3730-06
008 010801n2001 000 0 eng u
035 _a(Sirsi) u113881
245 _aM25 lettings speed ahead as M4 lags
260 _c2001
490 _aEstates Gazette
_v(0130) 28 July 2001, 32(1)
520 _aSecond quarter figures published by DTZ and Knight Frank show a split in the Thames Valley lettings market with increased lettings for the M25 and a drop for the M4.
590 _aWB
650 _aM25 OFFICE MARKET
650 _aM4 CORRIDOR
650 _aLETTINGS MARKET
650 _aPROPERTY-COMMERCIAL PROPERTY-OFFICE PROPERTY-OFFICE PROPERTY MARKET
690 _aPROPERTY-COMMERCIAL PROPERTY-COMMERCIAL PROPERTY MARKET
942 _n0
999 _c67854
_d67854